000 00324nam a2200133 i 4500
001 bg
100 1 _aSMALKO, Z.
245 0 _aSposoby i kierunki obniżania energochłonności... /
_cZ. Smalko.
260 _aWarszawa,
_c1983.
040 _cBPK
041 _apol
942 _cKS
008 s pl f |000 0 pol
999 _c21937
_d21937
856 _uhttp://koha.tu.koszalin.pl/cgi-bin/koha/opac-detail.pl?biblionumber=21937
_yKatalog online BPK